000 00420nam a2200133Ia 4500
008 100328s9999 xx 000 0 und d
082 _b17334
100 _aमारहर्वी आरिफ
245 _aखतरनाक मादाम
260 _bपी.पी.बी. जर्नल्स
630 _aखतरनाक मादाम
730 _aखतरनाक मादाम
942 _cBOOK
999 _c511920
_d511917